Slavné vily slavných /

Salvato in:
Dettagli Bibliografici
Autore principale: Junek, Václav (Autore)
Natura: Libro
Lingua:ceco
Pubblicazione: Praha : BVD, 2013
Edizione:1. vydanie
Soggetti:
Tags: Aggiungi Tag
Nessun Tag, puoi essere il primo ad aggiungerne!!

MARC

LEADER 00000nam a22000003a 4500
001 0071903
003 SK-STU
005 20200117120136.6
007 ta
008 190221s ----xo-----e------000-0-----d
020 |a 978-80-87090-63-3 
040 |a STU  |b slo 
041 0 |a cze 
044 |a xr 
100 1 |a Junek, Václav  |4 aut 
245 1 0 |a Slavné vily slavných /  |c aut. Václav Junek 
250 |a 1. vydanie 
260 |a Praha :  |b BVD,  |c 2013 
300 |a 160 s. 
650 0 7 |a obytné budovy 
650 0 7 |a vily 
650 0 7 |a sídla 
650 0 7 |a ľudia 
650 0 7 |a história 
650 0 7 |a súčasnosť 
650 0 7 |a Česko 
996 |b 284AU07913  |c A* 11172/U  |l AAKNAR  |s A  |a 24  |w 0071903_0001